| 000 | 01159cam a22003497a 4500 | ||
|---|---|---|---|
| 001 | 14684921 | ||
| 003 | NUST | ||
| 005 | 20210222131725.0 | ||
| 008 | 070104s2007 pk 000 d urd | ||
| 010 | _a 2006330988 | ||
| 020 | _a9693519140 | ||
| 025 | _aP-U-2006330988; 10; 11 | ||
| 038 | _ashaban | ||
| 040 |
_aDLC _cDLC |
||
| 050 | 0 | 0 | _aMLCSA 2006/00758 (P) |
| 082 |
_a891.4392 _bAHM |
||
| 100 | 1 |
_aAshfāq Aḥmad, _d1925-2004. _9639 |
|
| 245 | 1 | 0 |
_aĀsūdagī : _bTalqīn Shāh / _cAshfāq Aḥmad. |
| 246 | 1 |
_iTitle on t.p. verso: _aAsoudgi (Talqeen Shah) |
|
| 260 |
_aLāhore : _bSang-i Mīl Pablīkeshanz, _c2007. |
||
| 300 |
_a512 p. ; _c21 cm. |
||
| 500 | _aPlay. | ||
| 546 | _aIn Urdu. | ||
| 563 | _aHB | ||
| 650 |
_aUrdu Literature _9347 |
||
| 880 |
_6100-01\(3\r _aاشفاق احمد |
||
| 880 |
_6245-02\(3\r _aآسودگی _bتلقین شاہ _cاشفاق احمد |
||
| 880 |
_6260-03\(3\r _aلاہور: _bسنگ میل پبلی کیشنز، _c2007 |
||
| 906 |
_a7 _bcbc _corignew _d4 _encip _f20 _gy-gencatlg |
||
| 942 |
_2ddc _cBK |
||
| 999 |
_c329549 _d329549 |
||